Quiz Vocabulaire Espagnol - Statistiques

Statistiques générales
  • Ce quiz a été pris 968 fois
  • Le résultat moyen est 14 sur 40
Statistiques - réponses
Mots FR Mots ES % Correct
Tête Cabeza
91%
Cheveux Pelo
82%
Oeil Ojo
79%
Coeur Corazon
72%
Pied Pie
70%
Nez Nariz
61%
Sang Sangre
58%
Peau Piel
56%
Visage Cara
54%
Dent Diente
54%
Doigt Dedo
51%
Oreille Oreja
48%
Lèvres Labios
40%
Jambe Pierna
39%
Cou Cuello
38%
Dos Espalda
37%
Poumon Pulmon
33%
Front Frente
32%
Genou Rodilla
31%
Ongle Una
29%
Cerveau Cerebro
27%
Muscle Musculo
26%
Os Hueso
24%
Moustache Bigote
23%
Epaule Hombro
23%
Tibia Tibia
22%
Gorge Garganta
19%
Sourcils Cejas
18%
Poignet Muneca
18%
Cils Pestanas
13%
Crâne Craneo
12%
Cheville Tobillo
12%
Menton Barbilla
10%
Joue Mejilla
10%
Cuisse Muslo
10%
Grain de beauté Lunar
8%
Côte Costilla
7%
Nombril Ombligo
7%
Ride Arruga
5%
Torse Torzo
3%
Aucun quiz correspondant
Distribution des résultats
% des personnes avec chaque résultat
Percentile par nombre de réponses
Votre historique - résultats
Vous n’avez pas pris ce quiz